Белевцева Раиса Петровна. О ходатайстве перед Столыпиным об освобождении ее сына

Доступно только в Электронных читальных залах Найти на картеНа карте
RUSMARC
00004372nac2a22002893x 450
001687e4cb4-3ee1-4192-a8f7-1c354f76864d
00520211209115242.0
100##$a20211120l1910 k y0rusy50 ca
1010#$arus
102##$aRU
105##$ay z |||||
1220#$ad19101231
2001#$aБелевцева Раиса Петровна. О ходатайстве перед Столыпиным об освобождении ее сына
$j1910
215##$a3 листа
251##$cДело
300##$aЗаголовок дела на папке: Письмо Белявцевой Раисы Петровны - Звегинцеву Александру Ивановичу. (Просьба ходатайствовать перед Столыпиным об освобождении ее сына из ссылки в Туруханском крае)
300##$aРукописный текст
330##$aВходит в раздел описи: 1. Письма к А. И. Звегинцову. 2/ Письма по служебной деятельности А. И. Звегинцова
461#0$1001fc48e33c-c630-4015-85dd-2f2aab656f45
$12001
$aЗвегинцев Александр Иванович, помещик Воронежской губернии, депутат III Государственной думы, член партии "Союз 17 октября"
$1251
$cФонд
$1852
$j932
462#0$1001ddcf82e7-7bd9-4c5e-b7f1-85df8b3febb3
$12001
$aДела постоянного хранения. 1899-1913 гг.
$vД. 92
$1251
$cОпись
$1852
$j1
5171#$aПисьмо Белявцевой Раисы Петровны - Звегинцеву Александру Ивановичу. (Просьба ходатайствовать перед Столыпиным об освобождении ее сына из ссылки в Туруханском крае)
600#1$aЗвегинцев
$bА. И.
$gАлександр Иванович
600#1$aБелявцева
$bР. П.
$gРаиса Петровна
600#1$aСтолыпин
801#0$aRU
$bGA_RF
801#1$aRU
$bГлавНИВЦ
$c20211120
$2rusmarc
801#2$aRU
$bПБ им. Б.Н. Ельцина
$c20211209
$gRCR
$2rusmarc
852##$aГА РФ
$j92
937##$d171332233
$hГАРФ
035##$aRuPRLIB51062033
856##$uhttp://readingroom.main.prlib.ru/item.aspx?id_node=n171332233&mode=full
Формат отображения